000 00334pab a2200145 454500
008 180718b1999 xxu||||| |||| 00| 0 eng d
100 _aSubramaniam, C.
245 _aConstitutional reforms
260 _c1999
300 _ap.10; 9 Sep 1999, p.10
362 _a8 Sep
650 _aConstitutions
773 _aHindu
909 _a43170
999 _c43170
_d43170